|
|
|
|
| LEADER |
01758nam a2200469 a 4500 |
| 001 |
000447946 |
| 003 |
CZ BrMZK |
| 005 |
20181015141823.0 |
| 007 |
ta |
| 008 |
990315s1999 xr e acze d |
| 015 |
|
|
|a cnb000528620
|
| 020 |
|
|
|a 80-86183-08-4
|
| 035 |
|
|
|a (OCoLC)40790460
|
| 040 |
|
|
|a BOA001
|b cze
|
| 043 |
|
|
|a e-xr---
|a r------
|
| 045 |
|
|
|a w6x4
|
| 072 |
|
7 |
|a 913(9)
|x Geografie Oceánie, polárních oblastí, Austrálie, atd.
|2 Konspekt
|9 7
|
| 072 |
|
7 |
|a 929
|x Biografie
|2 Konspekt
|9 8
|
| 080 |
|
|
|a 910.3/.4(211)-051
|2 MRF
|
| 080 |
|
|
|a 929
|2 MRF
|
| 080 |
|
|
|a 910.3/.4(211)
|2 MRF
|
| 080 |
|
|
|a 908(211-17)
|2 MRF
|
| 080 |
|
|
|a (437.3)
|2 MRF
|
| 080 |
|
|
|a (98)
|2 MRF
|
| 080 |
|
|
|a (0:82-94)
|2 MRF
|
| 100 |
1 |
|
|a Welzl, Jan Eskymo,
|d 1868-1948
|7 jk01151568
|4 aut
|
| 245 |
1 |
0 |
|a Třicet let na zlatém severu /
|c Jan Welzl ; [ilustrace Jan Javorský]
|
| 246 |
3 |
2 |
|a 30 let na zlatém severu
|
| 250 |
|
|
|a V tomto nakl. 2. vyd.
|
| 260 |
|
|
|a Praha :
|b Chvojkovo nakladatelství,
|c 1999
|
| 300 |
|
|
|a 452 s. :
|b il. ;
|c 21 cm
|
| 600 |
1 |
7 |
|a Welzl, Jan Eskymo,
|d 1868-1948
|7 jk01151568
|2 czenas
|
| 648 |
|
4 |
|a 1868-1948
|
| 650 |
0 |
7 |
|a polární badatelé
|7 ph254905
|z Česko
|y 19.-20. století
|2 czenas
|
| 650 |
0 |
7 |
|a polární expedice
|7 ph124325
|z Arktida
|y 19.-20. století
|2 czenas
|
| 651 |
|
7 |
|a arktická oblast
|7 ge134555
|x vlastivěda
|2 czenas
|
| 655 |
|
7 |
|a autobiografické vzpomínky
|7 fd131854
|2 czenas
|
| 700 |
1 |
|
|a Javorský, Jan,
|d 1903-1986
|7 xx0020428
|4 ill
|
| 856 |
4 |
1 |
|u http://www.digitalniknihovna.cz/mzk/uuid/uuid:7a719ed0-0767-11e4-b1a4-005056827e52
|y Digitalizovaný dokument
|x NDK
|
| 910 |
|
|
|a BOA001
|b 2-1065.329
|
| 990 |
|
|
|a BK
|
| 996 |
6 |
|
|b 2610104212
|c 2-1065.329
|l MZK
|r Sklad / do 1 hodiny
|n 6
|p p.v.
|w 000447946
|u 000010
|a 1
|e BOA001
|j MZK50
|s P
|